• 首页
  • 本馆介绍
  • 公告通知
  • 最新文献
  • 馆藏检索
  • 电子资源
  • 读者导购
  • 参考咨询
  • 我的图书馆
  • 登录
  • 详细信息显示
  • 放入我的书架
  • 预约/预借图书
  • 作者相关作品
  • 分类相关作品
  • 丛书相关作品
  • 出版社相关作品

书目信息

  • 表格格式
  • 工作单格式
  • 卡片格式
题名:
国际口腔种植学会 (ITI) 口腔种植临床指南
    
 
作者: 科达罗 , 特海 , 陈 , 布瑟 , 维斯梅耶 主编 ;宿玉成 , 陈德平 主译
分册: 第七卷   口腔种植的牙槽嵴骨增量程序
出版信息: 沈阳   辽宁科学技术出版社  2016.09
页数: xix, 215页
开本: 29cm
丛书名:
单 册:
中图分类: R782.1
科图分类:
主题词: 种植牙--zhong zhi ya
电子资源:
ISBN: 978-7-5381-9921-5
000 01961nam 2200385 450
001 CAL 0120141391231
005 20171211153717.87
010    @a978-7-5381-9921-5@b精装@dCNY298.00
100    @a20161026d2016 em y0chiy50 ea
101 1  @achi@ceng@cger
102    @aCN@b210000
105    @aak a 000yy
106    @ar
200 1  @a国际口腔种植学会 (ITI) 口腔种植临床指南@Aguo ji kou qiang zhong zhi xue hui ( ITI ) kou qiang zhong zhi lin chuang zhi nan@h第七卷@i口腔种植的牙槽嵴骨增量程序@e分阶段方案@f丛书主编S. Chen, D. Buser, D. Wismeijer@d= ITI treatment guide@iRidge augmentation procedures in implant patients@ea staged approach@f主编L. Cordaro, H. Terheyden@g主译宿玉成@g译者陈德平 ... [等]@zeng
210    @a沈阳@c辽宁科学技术出版社@d2016.09
215    @axix, 215页@c图 (部分彩图)@d29cm
306    @a由Quintessence Publishing Co., Ltd授权出版
314    @aCordaro规范汉译姓: 科达罗 Terheyden规范汉译姓: 特海 Chen规范汉译姓: 陈 Buser规范汉译姓: 布瑟 Wismeijer规范汉译姓: 维斯梅耶
320    @a有书目 (第205-215页)
330    @a本书内容包括: 关于牙槽嵴骨增量的共识性论述及文献评述 ; 术前评估和治疗计划 ; 牙槽嵴骨增量的方法 ; 骨增量位点的种植手术和治疗效果 ; 并发症处理等9部分。
500 10 @aITI treatment guide : a staged approach@iRidge augmentation procedures in implant patients@mChinese
517 1  @a分阶段方案@Afen jie duan fang an
517 1  @a口腔种植的牙槽嵴骨增量程序@Akou qiang zhong zhi de ya cao ji gu zeng liang cheng xu
606 0  @a种植牙@Azhong zhi ya
690    @aR782.1@v5
701  1 @a科达罗@Ake da luo@g(Cordaro, L.)@4主编
701  1 @a特海@Ate hai@g(Terheyden, H.)@4主编
701  1 @a陈@Achen@g(Chen, S.)@4主编
701  1 @a布瑟@Abu se@g(Buser, D.)@4主编
701  1 @a维斯梅耶@Awei si mei ye@g(Wismeijer, D.)@4主编
702  0 @a宿玉成@Asu yu cheng@4主译
702  0 @a陈德平@Achen de ping@4译
801  0 @aCN@b人天书店@c20161026@g
905    @aBZT@dR782.1@e1-7
906    @dCNY298.00@n3@r1
    
    国际口腔种植学会 (ITI) 口腔种植临床指南.第七卷.口腔种植的牙槽嵴骨增量程序:分阶段方案/丛书主编S. Chen, D. Buser, D. Wismeijer= ITI treatment guide.Ridge augmentation procedures in implant patients:a staged approach/主编L. Cordaro, H. Terheyden/主译宿玉成/译者陈德平 ... [等].-沈阳:辽宁科学技术出版社,2016.09
    xix, 215页:图 (部分彩图);29cm
    
    
    ISBN 978-7-5381-9921-5(精装):CNY298.00
    本书内容包括: 关于牙槽嵴骨增量的共识性论述及文献评述 ; 术前评估和治疗计划 ; 牙槽嵴骨增量的方法 ; 骨增量位点的种植手术和治疗效果 ; 并发症处理等9部分。
●
相关链接 在五车中查询图书 在当当中查询图书 在豆瓣中查询图书


正题名:国际口腔种植学会 (ITI) 口腔种植临床指南     索取号:R782.1/1-7         预约/预借

序号 登录号 条形码 馆藏地/架位号 状态 备注
1 840648   2000840648   第二书库/ [索取号:R782.1/1-7] 在馆    
2 840649   2000840649   第二书库/ [索取号:R782.1/1-7] 在馆    
山东省滨州职业学院图书馆 欢迎您!
大连网信软件有限公司© 版权所有